000 00779nam a2200265 a 4500
001 26663
003 CO-ViMGA
005 20230915223424.0
008 141112s2004 ck r 000 u spa d
020 _a9580450528
035 _aAGR5984 LA
040 _aCO-ViMGA
_bspa
_cCO-ViMGA
041 _aspa
043 _as - ag - - -
090 _aC LARc
100 1 _aLardone, Lilia, 1941 -
_93732
245 1 0 _aCaballero negro /
_cLilia Lardone ; ilustraciones de María Osorio.
260 _aBarcelona ; Bogotá :
_bGrupo Editorial Norma,
_c1999.
300 _a59 p. : il. ; 19 cm.
490 0 _aColección torre de papel. Torre azul
650 1 4 _aCuentos infantiles argentinos.
700 1 _aOsorio, María, il.
_93734
942 _2ddc
_cBK
949 _an n
999 _c10013
_d10013